| 000 | 01027nab a22002297a 4500 | ||
|---|---|---|---|
| 999 |
_c6210 _d6210 |
||
| 003 | OSt | ||
| 005 | 20260125225910.0 | ||
| 008 | 190514b xxu||||| |||| 00| 0 spa d | ||
| 040 | _cPJ | ||
| 100 |
_96937 _aMansilla, Emmanuel |
||
| 245 | 1 | 3 |
_aEl derecho real de habitación del cónyuge supérstite desde una mirada constitucional-convencional / _cEmmanuel Mansilla. |
| 300 | _ap. 22-28 | ||
| 500 | _aCita: TR LALEY AR/DOC/1516/2024. | ||
| 505 | _aSumario: I. Situación fáctica.— II. Fundamentos del tribunal.— III. Comentario.— IV. Conclusión. | ||
| 505 | _tFallo comentado: CNCiv., sala G ~ 29/12/2023 ~ V., F. D. c. DE V., S. I. s/ partición de herencia. | ||
| 650 | 0 |
_9967 _aDERECHO DE FAMILIA |
|
| 650 | 0 |
_91821 _aDERECHOS REALES |
|
| 650 | 0 |
_96209 _aCÓNYUGE SUPERSTITE |
|
| 650 | 0 |
_91057 _aJURISPRUDENCIA APLICABLE |
|
| 773 | 0 |
_02844 _93222 _dBuenos Aires : AbeledoPerrot, 1989- _tDerecho de familia. Revista Interdisciplinaria de doctrina y jurisprudencia. Agosto 2024-IV. _z18511201 |
|
| 942 |
_2udc _cANA |
||